Statistics for Winter Sports

Click here to take the quiz!

General Stats

  • This quiz has been taken 17 times
  • The average score is 9 of 15

Answer Stats

QuestionAnswer% Correct
There are two diciplines in Biathlon. Which two?Shooting and Cross Country Skiing
88%
The World Cup of Skiing kicks off in Sölden, Austria, every year. In October. In which sport?Alpine Skiing
81%
There has been two Winter Olympics in Scandinavia. In which countries or country?Twice in Norway
81%
And finally... Tonya Harding and Nancy Kerrigan. What did they do?Figure Skate
75%
The Netherlands typically wins a lot of medals in the Winter Olympics. In which sport do they excell?Long Track Speed Skating
75%
A former Norwegian Winter Olympian has a star on the Hollywood Walk on Fame. Who?Sonja Henie
75%
Romania is last on the overall Medal Count from the Winter Olympics. They have one Bronze Medal. What is their ranking?44th
69%
What is the "International Ski and Snowboard Federation" typically known as?FIS
69%
Steven Bradbury won a gold medal in Short Track Speed Skating in the Winter Olympics in 2002. Where is he from?Australia
63%
Every January, Arnold Schwarzenegger, is one out of approx. hundred thousand fans in a seriously scary Downhill competition in Austria. Where?Kitzbühel
63%
One Freestyle event is defunct. Which one?Ski Ballet
56%
Who has the most wins in World Cup Alpine Skiing races?Mikaela Shiffrin
50%
A Californian community has hosted the Winter Olympics. Which community? (The name of the community has changed since then.)Squaw Valley
44%
One of these sports is not a part of the aforementioned FederationBiathlon
31%
The Hockey Tournament in the Olympics in 1980. USA won the Gold Medal. Which team did they beat in their final game? (Trick question)Finland
25%

Score Distribution

Percentile by Number Answered

Percent of People with Each Score

Your Score History

You have not taken this quiz